000 00762nam a2200241 i 4500
001 C2-0318088
003 PPAK
005 20180728114115.0
008 121007s2010 my |||| ||||| | may d
020 _a9789675311512
040 _aPPAK
_beng
_cPPAK
_erda
082 0 4 _a155.4
_223
090 0 0 _a155.4
_bPEN
_dR
245 0 0 _aPenilaian psikososial kanak-kanak :
_bisu-isu kebajikan dan perkembangan
264 1 _aSintok, Kedah :
_bPenerbit Universiti Utara Malaysia ,
_c2010
300 _axviii, 266 pages ;
_c22 cm
336 _2rdacontent
_atext
337 _2rdamedia
_aunmediated
338 _2rdacarrier
_avolume
650 1 0 _aChild psychology. ; Child development.
700 0 _aAzlin Hilma Hillaluddin ; Zarina Mat Saad,
_eeditor
942 _ddc
_cB
999 _c119070
_d119070